01123cam a22003134a 4500999001700000001000900017005001700026008004100043010001700084020001500101020001800116020001800134035002300152035002000175040004900195042000800244043002100252050002600273100002800299245009500327250001200422260003000434300006400464504006400528650002800592650002700620942003600647952012600683 c18132d181321430074120161202154344.0060315s2006 nyuabf b 001 0 eng  a 2006040888 a1400043484 a9781400043484 a9781400043484 a(OCoLC)ocm65197986 a(OCoLC)65197986 aDLCcDLCdBAKERdC#PdIXAdBTCTAdYDXCPdDLC apcc ae-fr---ae-sp---00aN5310.5.F7 bC87 20061 aCurtis, Gregory,d1944-14aThe cave painters :bprobing the mysteries of the world's first artists /cGregory Curtis. a1st ed. aNew York :bKnopf,c2006. a278 p., [8] p. of plates :bill. (some col.), map ;c22 cm. aIncludes bibliographical references (p. 247-268) and index. 0aCave paintingszFrance. 0aCave paintingszSpain. 2lcccBOOKShN5310.5.F7 C87 2006 00102lcc4070aMUCbMUCcGENd2016-12-02eDonation(B.F.A)l0oN5310.5.F7 C87 2006p28535r2016-12-02w2016-12-02yBOOKS